[Event "POL-ch U20 Girls"]
[Site "?"]
[Date "1994.??.??"]
[Round "6"]
[White "Maleska, Anna"]
[Black "Blimke, Dalia"]
[Result "0-1"]
[WhiteElo "2035"]
[BlackElo "2085"]

1.e4 c5 2.Nf3 Nc6 3.d4 cxd4 4.Nxd4 Qc7 5.Nc3 e6 6.Be3 a6 7.Bd3 Nf6 8.O-O Ne5
9.h3 Bc5 10.Qd2 d6 11.Nde2 O-O 12.f4 Bxe3+ 13.Qxe3 Nc6 14.g4 b5 15.g5 Ne8
16.Rf2 b4 17.Nd1 Bb7 18.f5 exf5 19.exf5 Ne5 20.Ng3 Rd8 21.Qf4 f6 22.g6 h6
23.Qxb4 Qc6 24.Be4 d5 25.Bg2 Nd6 26.Ne3 Ndc4 27.Nxc4 Nxc4 28.Nf1 Rfe8 29.Rd1 a5
30.Qc3 Qb6 31.b3 Ne5 32.Qd4 Qb5 33.c4 Qd7 34.Bxd5+ Kh8 35.Qf4 Bxd5 36.Rxd5 Qa7
37.Qe4 Rc8 38.Qd4 Qb7 39.Nh2 Nc6 40.Qd2 Qc7 41.Nf1 Re7 42.a3 Qb6 43.Rb5 Qa7
44.Kg2 Rce8 45.b4 Qa8 46.Kg1 axb4 47.axb4 Ne5 48.Qc3 Qe4 49.Nd2 Qe1+ 50.Rf1 Nf3+
51.Qxf3 Qxd2 52.Qf4 Qa2 53.Rb8 Qa7+ 54.Qf2 Qxf2+ 55.Kxf2 Rxb8  0-1

[Event "POL-ch U20 Girls"]
[Site "?"]
[Date "1994.??.??"]
[Round "10"]
[White "Dworakowska, Joanna"]
[Black "Blimke, Dalia"]
[Result "1/2-1/2"]
[WhiteElo "2190"]
[BlackElo "2085"]

1.e4 c5 2.Nf3 Nc6 3.d4 cxd4 4.Nxd4 Qc7 5.Nc3 e6 6.Be2 a6 7.O-O Nf6 8.Kh1 Nxd4
9.Qxd4 Bc5 10.Qd3 h5 11.f4 Ng4 12.Qg3 b5 13.e5 Bb7 14.Bf3 Rd8 15.Ne4 Bxe4
16.Bxe4 g6 17.Bf3 Nh6 18.Qe1 Nf5 19.Be4 h4 20.Bxf5 gxf5 21.Be3 h3 22.Rf2 hxg2+
23.Rxg2 Ke7 24.Qc3 Rc8 25.Rd1 Bxe3 26.Qxe3 Qb7 27.Rd2 Rhg8 28.Kg1 Rxg2+ 29.Rxg2 Qe4
30.Qf2 Rh8 31.Rg3 Qd5 32.h3 Rc8 33.Kh2 Qc5 34.Rg2 Qxf2 35.Rxf2 f6  1/2-1/2

[Event "Wisla op (Women)"]
[Site "Poland"]
[Date "1994.??.??"]
[Round "?"]
[White "Szafraniec, Izabela"]
[Black "Blimke, Dalia"]
[Result "1/2-1/2"]
[WhiteElo "2065"]
[BlackElo "2085"]

1.e4 c5 2.Nf3 Nc6 3.d4 cxd4 4.Nxd4 Qc7 5.Nc3 e6 6.a3 a6 7.Be2 Nf6 8.Be3 Bd6
9.Qd2 Nxd4 10.Bxd4 Bf4 11.Be3 Be5 12.Bd4 Bxd4 13.Qxd4 e5 14.Qb4 b6 15.Rd1 Qc5
16.Qxc5 bxc5 17.Nd5 Rb8 18.Nxf6+ gxf6 19.b3 Ke7 20.Bc4 d6 21.O-O a5 22.f4 Be6
23.Bd5 Rhg8 24.a4 Rb4 25.Bc6 Rc8 26.Bb5 Rxe4 27.Bd3 Rb4 28.fxe5 fxe5 29.Bf5 c4
30.Bxe6 Kxe6 31.Rf3 cxb3 32.cxb3 f5 33.Rh3 Rd4 34.Rf1 Rb8 35.Rff3 Rb7 36.Rh6+ Kd5
37.Rxf5 Rd1+ 38.Kf2 Rd2+ 39.Ke1 Rxg2 40.Rff6 Rd7 41.Rf8 Rc7 42.Kd1 Rcg7 43.Rff6 R7g6
44.Rfxg6 hxg6 45.Rh8 Kd4 46.Rb8 g5 47.Rb6 Kc5 48.Rb5+ Kc6 49.Rxa5 Rxh2 50.Ra8 g4
51.Rg8 Rb2 52.Rxg4 Rxb3 53.Kc2 Rf3 54.Rg8 Ra3 55.Ra8 e4 56.Kb2 Rh3 57.Re8 d5
58.a5 Rh5 59.a6 Kb6 60.Re6+ Ka7 61.Kc3 Rh4 62.Kd4 Rh5 63.Kc5 e3 64.Rxe3 Kxa6
65.Rd3  1/2-1/2

[Event "CZE Tschechien-ch"]
[Site "Prague"]
[Date "1994.??.??"]
[Round "5"]
[White "Stodola, Jaroslav"]
[Black "Vavra, Pavel"]
[Result "0-1"]
[WhiteElo "2205"]
[BlackElo "2365"]

1.e4 c5 2.Nf3 Nc6 3.d4 cxd4 4.Nxd4 Qb6 5.Nb3 Nf6 6.Nc3 e6 7.g3 Bb4 8.Bg2 d5
9.O-O d4 10.e5 Nxe5 11.Nxd4 Bxc3 12.bxc3 O-O 13.Ba3 Re8 14.Qe2 Nc6 15.Nxc6 bxc6
16.Rfb1 Qc7 17.Rd1 Nd5 18.Rd4 e5 19.Rh4 Bf5 20.c4 Nf6 21.g4 Bg6 22.g5 Nd7
23.Rd1 e4 24.Bxe4 Qe5 25.Bxg6 fxg6 26.Qg4 Nf8 27.Rd3 Ne6 28.Re3 Qxg5 29.Bd6 Qf6
30.c5 g5 31.Rhh3 Nf4 32.Rhf3 Qa1+  0-1

[Event "Praha Mladi-B"]
[Site "Prague"]
[Date "1994.??.??"]
[Round "6"]
[White "Belaska, Premysl"]
[Black "Chibukhchian, Artur"]
[Result "0-1"]
[WhiteElo "2260"]
[BlackElo "2250"]

1.e4 c5 2.Nf3 Nc6 3.d4 cxd4 4.Nxd4 Qc7 5.Nc3 e6 6.Be3 Nf6 7.Be2 a6 8.O-O Bb4
9.Na4 Bd6 10.Nxc6 bxc6 11.Nb6 Rb8 12.Nxc8 Rxc8 13.g3 Nxe4 14.Bxa6 Rb8 15.Qg4 Rb4
16.a3 Ra4 17.Qe2 O-O 18.f3 Bc5 19.Bxc5 Nxc5 20.Bc4 Qb6 21.Rab1 Nb3+ 22.Kg2 Nd4
23.Qd3 Nf5 24.Qb3 Ne3+ 25.Kh1 Qa7 26.Bd3 Nxf1 27.Rxf1 Rb8 28.Qc3 Qd4 29.Qxd4 Rxd4
30.b3 Rxd3 31.cxd3 Rxb3 32.Rd1 Rxa3 33.Kg2 Ra2+  0-1

[Event "Bohemians"]
[Site "Prague"]
[Date "1994.??.??"]
[Round "10"]
[White "Zvara, Petr"]
[Black "Vokac, Marek"]
[Result "0-1"]
[WhiteElo "2325"]
[BlackElo "2485"]

1.e4 c5 2.Nf3 Nc6 3.d4 cxd4 4.Nxd4 Qb6 5.Nb3 Nf6 6.Nc3 e6 7.Bd3 a6 8.O-O Be7
9.Kh1 Qc7 10.f4 d6 11.Qf3 O-O 12.Bd2 b5 13.a3 Bb7 14.Rae1 b4 15.axb4 Nxb4
16.Nd4 Nxd3 17.cxd3 Rab8 18.Qg3 Qb6 19.Nce2 Qxb2 20.Bc3 Qb6 21.Qh3 Rfe8 22.Ng3 a5
23.e5 Nd5 24.Ba1 dxe5 25.fxe5 f5 26.exf6 Bxf6 27.Nf3 Bxa1 28.Rxa1 Nf4 29.Qg4 Rf8
30.Ne4 Nxd3 31.Nfg5 Bd5 32.Qg3 Bxe4 33.Nxe4 Qd4 34.Qg4 Qe5 35.Rad1 Rf4 36.Rxf4 Nxf4
37.Ng5 h6 38.Nf3 Qf5 39.Qg3 Rf8 40.h3 Nd5 41.Re1 a4 42.Re5 Qb1+ 43.Kh2 a3
44.Qg4 Nf4  0-1

[Event "Pula PCA op"]
[Site "Pula"]
[Date "1994.??.??"]
[Round "?"]
[White "Fercec, Nenad"]
[Black "Kuzmin, Gennadi P"]
[Result "1-0"]
[WhiteElo "2385"]
[BlackElo "2505"]

1.e4 c5 2.Nf3 Nc6 3.d4 cxd4 4.Nxd4 Qb6 5.Nb3 Nf6 6.Nc3 e6 7.Be3 Qc7 8.Bd3 Be7
9.f4 d6 10.Qf3 a6 11.g4 b5 12.g5 Nd7 13.O-O-O Bb7 14.h4 Nc5 15.Kb1 O-O-O
16.Qf2 h6 17.e5 Nxd3 18.cxd3 Qd7 19.Bb6 Rdf8 20.exd6 Bxd6 21.Ne4 Be7 22.Ba7 Rd8
23.Bb6 Rde8 24.Ba7 Rd8 25.Rhe1 Nxa7 26.Qxa7 Bc6 27.Qxa6+ Qb7 28.Qa5 Kb8 29.Nec5 Qa7
30.Na6+ Ka8 31.Rc1 Rc8 32.Nd4 Bd8 33.Nc7+ Bxc7 34.Qxa7+ Kxa7 35.Nxc6+ Kb7
36.Ne5 hxg5 37.Nxf7 Rxh4 38.fxg5 Re8 39.Re4 Rxe4 40.dxe4 Re7 41.g6 e5 42.Ng5 Bb6
43.Rc3 Rd7 44.Rg3 Rd6 45.Nf7 Rf6 46.Rg2 Bd4 47.Nh6 Bc5 48.Nf5 Bf8 49.b4 Kc6
50.a3 Kd7 51.Kc2 Rc6+ 52.Kb3 Ke6 53.Rh2 Rc8 54.Rh8 Rd8 55.Rg8 Kf6 56.Nxg7 Rd3+
57.Kc2  1-0

[Event "Pula PCA op"]
[Site "Pula"]
[Date "1994.??.??"]
[Round "?"]
[White "Vadla, Zeljko"]
[Black "Kuzmin, Gennadi P"]
[Result "1/2-1/2"]
[WhiteElo "2245"]
[BlackElo "2505"]

1.e4 c5 2.Nf3 Nc6 3.d4 cxd4 4.Nxd4 Qb6 5.Nb3 Nf6 6.Nc3 e6 7.Bd3 Be7 8.f4 d5
9.Qf3 d4 10.Nd1 e5 11.Nf2 Bb4+ 12.Nd2 exf4 13.Qxf4 Ne7 14.O-O Ng6 15.Qg5 O-O
16.Nc4 Qc7 17.e5 Nd7 18.Ng4 Be7 19.Qh5 f5 20.exf6 Nxf6 21.Nxf6+ Rxf6 22.Rxf6 Bxf6
23.Qd5+ Qf7 24.Qxf7+ Kxf7 25.Nd6+ Ke7 26.Nxc8+ Rxc8 27.Bd2 Kf7 28.Rf1 b6
29.b3 Ne5 30.Be4 h6 31.h3 Rd8 32.Bf4 Ke6 33.Bxe5 Kxe5 34.Bd3 Kd6 35.Rf5 Re8
36.Kf2 Re7 37.g3 Kc6 38.a4 Re3 39.Rf3  1/2-1/2

[Event "ROM-chT"]
[Site "ROM"]
[Date "1994.??.??"]
[Round "?"]
[White "Sasu Ducsoara, Andrea"]
[Black "Andreescu, Nicoleta Aurora"]
[Result "1/2-1/2"]
[WhiteElo "2105"]
[BlackElo "2085"]

1.e4 c5 2.Nf3 Nc6 3.d4 cxd4 4.Nxd4 Qb6 5.Nb3 e6 6.Be3 Qc7 7.Be2 Nf6 8.Nc3 a6
9.a3 b5 10.O-O Bb7 11.f4 d6 12.Bf3 Be7 13.Qe1 O-O 14.Qg3 Rfe8 15.Rad1 Rac8
16.e5 dxe5 17.fxe5 Nd7 18.Bh6 Bf8 19.Ne4 Ncxe5 20.Nd6 Bxf3 21.gxf3 Qxc2 22.Nxe8 Rxe8
23.f4 Ng6 24.Rxd7 gxh6 25.Rc1 Qxb2 26.Rcc7 Qxa3 27.Rxf7 Be7 28.f5 Kxf7 29.fxg6+ hxg6
30.Qf4+ Kg8 31.Qxh6 Rd8 32.Qxg6+ Kh8 33.Qh6+ Kg8 34.Qg6+ Kh8 35.Qh6+ Kg8  1/2-1/2

[Event "Saanen"]
[Site "Saanen"]
[Date "1994.??.??"]
[Round "8"]
[White "Videki, Sandor"]
[Black "Kogan, Artur"]
[Result "0-1"]
[WhiteElo "2405"]
[BlackElo "2415"]

1.e4 c5 2.Nf3 Nc6 3.d4 cxd4 4.Nxd4 Qc7 5.Nb5 Qb8 6.c4 Nf6 7.N5c3 b6 8.Be2 e6
9.f4 d6 10.O-O Be7 11.Be3 O-O 12.Nd2 Rd8 13.Bf3 Bb7 14.a3 Rd7 15.g4 h6 16.h4 g5
17.fxg5 hxg5 18.Bxg5 d5 19.Bg2 dxe4 20.Bxf6 Bxf6 21.Rxf6 e3 22.Qe2 exd2 23.Rd1 Qg3
24.Ne4 Qxh4 25.Rf2 Nd4 26.Qe3 Bxe4 27.Bxe4 Rad8 28.Rdxd2 Kf8 29.g5 Nf5 30.Bxf5 exf5
31.Rxd7 Rxd7 32.Rd2 Qg4+ 33.Kh2 f4 34.Qf2 Qh5+ 35.Kg2 Qxg5+ 36.Kf1 Rxd2 37.Qxd2 Qh4
38.Qd6+ Kg8 39.Qb8+ Kg7 40.Qxa7 Qh3+ 41.Ke1 Qe3+ 42.Kd1 f3 43.Qd7 Qe2+ 44.Kc1 Qxc4+  0-1

[Event "Sala op"]
[Site "Sala"]
[Date "1994.??.??"]
[Round "3"]
[White "Manik, Mikulas"]
[Black "Bednar, Jaromir"]
[Result "1-0"]
[WhiteElo "2345"]
[BlackElo "2180"]

1.e4 c5 2.Nf3 Nc6 3.d4 cxd4 4.Nxd4 Qb6 5.Nb3 Nf6 6.Nc3 e6 7.Be3 Qc7 8.Bd3 a6
9.f4 d6 10.O-O Be7 11.Kh1 O-O 12.g4 Nb4 13.g5 Nd7 14.Rf3 Re8 15.Rh3 b5 16.Qh5 Nf8
17.Nd4 g6 18.Qh6 Nxd3 19.cxd3 b4 20.f5 gxf5 21.Nxf5 exf5 22.Bd4 f6 23.gxf6 Kf7
24.Qh5+ Ke6 25.f7  1-0

[Event "Sevilla op"]
[Site "Sevilla"]
[Date "1994.??.??"]
[Round "6"]
[White "Rodriguez Lopez, Rafael"]
[Black "Pogorelov, Ruslan"]
[Result "1-0"]
[WhiteElo "2275"]
[BlackElo "2415"]

1.e4 c5 2.Nf3 Nc6 3.d4 cxd4 4.Nxd4 Qc7 5.Nc3 e6 6.f4 a6 7.Nf3 b5 8.Bd3 b4
9.Na4 Nf6 10.Qe2 d6 11.Be3 Rb8 12.O-O Be7 13.Kh1 O-O 14.Rac1 Qa5 15.b3 e5
16.c4 bxc3 17.Nxc3 exf4 18.Bxf4 Ne5 19.Bb1 Bg4 20.Qd2 Kh8 21.Nd4 Rbc8 22.Qe3 Ng6
23.Bg3 Rfd8 24.h3 Bd7 25.Nf5 Bxf5 26.exf5 Ne5 27.Ne4 Nxe4 28.Qxe4 Bf6 29.Qb7 Rxc1
30.Rxc1 h6 31.Be1 Qb5 32.Qxb5 axb5 33.Bb4 d5 34.Bc5 Nc6 35.Bd3 b4 36.Bb5 Rc8
37.Bxb4 Na7 38.Rxc8+ Nxc8 39.Kg1 Bd4+ 40.Kf1 Na7 41.Bd7 Kg8 42.Ke2 g6 43.Kd3 Bb6
44.fxg6 fxg6 45.Be6+ Kg7 46.Bxd5 Kf6 47.Bc3+ Kf5 48.Bd4 Bxd4 49.Kxd4  1-0

[Event "Wch U26"]
[Site "Sofia"]
[Date "1994.??.??"]
[Round "4"]
[White "Schaefer, Markus"]
[Black "Knezevic, Bojan"]
[Result "1/2-1/2"]
[WhiteElo "2460"]
[BlackElo "2385"]

1.e4 c5 2.Nf3 Nc6 3.d4 cxd4 4.Nxd4 Qb6 5.Nb3 Nf6 6.Nc3 e6 7.Bd3 a6 8.O-O Be7
9.Be3 Qc7 10.f4 d6 11.Qf3 O-O 12.Rae1 Nb4 13.Qg3 e5 14.f5 Kh8 15.Qf3 b5 16.g4 d5
17.g5 d4 18.gxf6 Bxf6 19.Nxd4 exd4 20.Bf4 Qb6 21.Ne2 Bb7 22.Ng3 Rac8 23.Rf2 Rfe8
24.Qg4 Nd5 25.Nh5 Nxf4 26.Qxf4 Be5 27.Qg5 Qh6 28.Qxh6 gxh6 29.Nf4 Rg8+ 30.Kh1 Rg4
31.Ref1 Rcg8 32.Nd5 f6  1/2-1/2

[Event "Solin"]
[Site "Solin"]
[Date "1994.??.??"]
[Round "8"]
[White "Ljubicic, Filip"]
[Black "Horvath, Jozsef"]
[Result "0-1"]
[WhiteElo "2335"]
[BlackElo "2515"]

1.e4 c5 2.Nf3 Nc6 3.d4 cxd4 4.Nxd4 Qc7 5.Nc3 e6 6.Be2 a6 7.O-O Nf6 8.a4 Be7
9.Kh1 O-O 10.f4 d6 11.Bf3 Rb8 12.Be3 Re8 13.Qe2 Nxd4 14.Bxd4 e5 15.Ba7 Ra8
16.Be3 Be6 17.Rfd1 exf4 18.Bxf4 Rac8 19.a5 Nd7 20.Be3 Bf6 21.Ra3 Ne5 22.Bb6 Qc4
23.Ra4 Qxe2 24.Bxe2 Bc4 25.Bf1 Bxf1 26.Rxf1 Nc4 27.Nd5 Bxb2 28.Nc7 Rxe4 29.g3 g6
30.Rb1 f5 31.Rxc4 Rxc4 32.Nd5 Be5 33.Ne7+ Kf7 34.Nxc8 Rxc8 35.Ba7 Rc7 36.Bb8 Rd7
37.c4 Bc3 38.Rd1 Bxa5 39.Bxd6 Bb4  0-1

[Event "St Petersburg op2"]
[Site "St Petersburg"]
[Date "1994.??.??"]
[Round "2"]
[White "Galkin, Alexander"]
[Black "Tregubov, Pavel V"]
[Result "0-1"]
[WhiteElo "2375"]
[BlackElo "2545"]

1.e4 c5 2.Nf3 Nc6 3.d4 cxd4 4.Nxd4 Qc7 5.Nc3 e6 6.g3 a6 7.Bg2 d6 8.O-O Bd7
9.a4 Nf6 10.Nb3 Be7 11.f4 Rd8 12.Be3 Na5 13.Nxa5 Qxa5 14.Qe2 Bc6 15.Rfd1 O-O
16.h3 d5 17.exd5 Nxd5 18.Nxd5 Bxd5 19.Bxd5 Rxd5 20.Rxd5 Qxd5 21.Qg2 Bc5 22.Bxc5 Qxc5+
23.Kh2 Rd8 24.Ra3 h5 25.h4 Qa5 26.c3 Qc5 27.Qe2 Rd5 28.b4 Qc6 29.a5 e5 30.fxe5 Qe6
31.Ra2 Rxe5 32.Qg2 Re3 33.Rc2 Qg6 34.Rc1 Qd3 35.Rf1 Re2 36.Rf2 Rxf2 37.Qxf2 Qxc3
38.Qb6 Qc2+ 39.Kg1 Qc6 40.Qd4 Kh7 41.Qe5 Qg6 42.Qd5 Qxg3+ 43.Kf1 Qf4+ 44.Kg2 Qxb4
45.Qf5+ Kg8 46.Qc8+ Qf8 47.Qxb7 Qd6 48.Qb6 Qd3 49.Qc5 Qe2+ 50.Kg1 Qg4+ 51.Kf1 Kh7
52.Qc2+ Qg6 53.Qd2 Qf5+ 54.Kg2 Qe4+ 55.Kg1 f5 56.Qf2 f4  0-1

[Event "SWZ-chT"]
[Site "SWZ"]
[Date "1994.??.??"]
[Round "4"]
[White "Trepp, Markus"]
[Black "Adler, Joel"]
[Result "1-0"]
[WhiteElo "2345"]
[BlackElo "2320"]

1.e4 c5 2.Nf3 Nc6 3.d4 cxd4 4.Nxd4 Qc7 5.Nc3 e6 6.Ncb5 Qb8 7.Bd3 Nf6 8.Nf3 Be7
9.Qe2 d6 10.Bf4 Ne5 11.Nxe5 dxe5 12.Bg3 a6 13.Nd4 Bd6 14.O-O h5 15.Nf3 b5
16.h3 Bb7 17.c3 Nd7 18.Nd2 Bc6 19.a4 bxa4 20.Nc4 Bc7 21.Bc2 h4 22.Bh2 Nc5
23.Qe3 Nb3 24.Bxb3 axb3 25.Qg5 O-O 26.Bxe5 f6 27.Bxc7 Qxc7 28.Qc5 Rfc8 29.Nb6 Qa7
30.Qe3 Bxe4 31.Nxc8 Qxe3 32.fxe3 Rxc8 33.Rfd1 Rc6 34.Rd4 f5 35.Ra3 e5 36.Rd8+ Kh7
37.Rxb3 Rg6 38.Rd2 Rg3 39.c4 f4 40.Kh2 f3 41.gxf3 Rxf3 42.Rg2 Rf1 43.c5 Bxg2
44.Kxg2 Rf7 45.Rb6 a5 46.Ra6 Rb7 47.Rb6 Rf7 48.Rb5 a4 49.Rb4 Rc7 50.Rxh4+ Kg6
51.Rc4 Rc6 52.Kf3 Kf5 53.Ke2 e4 54.Kd2 Ke5 55.Kc3 Kd5 56.Rd4+ Ke5 57.Rc4 Kd5
58.Kb4 Rc8 59.c6 Rb8+ 60.Kc3 Rb3+ 61.Kc2  1-0

[Event "Szekszard op"]
[Site "Szekszard"]
[Date "1994.??.??"]
[Round "1"]
[White "Kun, Sandor"]
[Black "Skomorokhin, Roman"]
[Result "0-1"]
[WhiteElo "2075"]
[BlackElo "2425"]

1.e4 c5 2.d4 cxd4 3.Nf3 Nc6 4.Nxd4 Qb6 5.c3 Nf6 6.Bd3 Nxd4 7.cxd4 Qxd4 8.Nc3 Ng4
9.O-O Ne5 10.Be2 Qxd1 11.Rxd1 g6 12.Be3 Bg7 13.Nb5 Kd8 14.Nxa7 d6 15.Bb6+ Ke8
16.Nb5 Kf8 17.a4 Bd7 18.Rdc1 Nc6 19.Nc7 Rb8 20.Rab1 Nd4 21.Bxd4 Bxd4 22.Bb5 Rd8
23.Rc4 Bf6 24.Bxd7 Rxd7 25.Nd5 Kg7 26.Nb6 Rdd8 27.Rc7 Rb8 28.a5 e6 29.b4 Bd8
30.Rd7 Bxb6 31.axb6 Rhd8 32.Rc7 d5 33.e5 d4 34.Kf1 d3 35.Ke1 Rd5 36.Rc5 Rd4
37.Kd2 Rbd8 38.Rb3 Re4 39.Rxd3 Rxd3+ 40.Kxd3 Rxb4  0-1

[Event "Szekszard op"]
[Site "Szekszard"]
[Date "1994.??.??"]
[Round "4"]
[White "Kovacevic, Aleksandar"]
[Black "Taskovits, Istvan"]
[Result "1-0"]
[WhiteElo "2445"]
[BlackElo "2270"]

1.e4 c5 2.Nf3 Nc6 3.d4 cxd4 4.Nxd4 Qb6 5.Nb3 Nf6 6.Nc3 e6 7.Bd3 a6 8.Qe2 Qc7
9.f4 d6 10.Be3 b5 11.O-O-O Be7 12.g4 Bb7 13.Kb1 Na5 14.Rhg1 Nc4 15.g5 Nxe3
16.Qxe3 Nd7 17.f5 e5 18.Rgf1 Qb6 19.Qxb6 Nxb6 20.Na5 O-O-O 21.f6 gxf6 22.gxf6 Bf8
23.Be2 Bh6 24.Bh5 Rhf8 25.Nxb7 Kxb7 26.Rg1 Kc7 27.a3 Rde8 28.Rdf1 Kc6 29.Rg7 Nc4
30.Ka2 Nd2 31.Rf2 Kc5 32.Rxh7 Be3 33.Re2 Bf4 34.Bxf7 Rb8 35.Nd5 Nf3 36.Bh5 Ng5
37.Rc7+ Kd4 38.c3+  1-0

[Event "JUG-ch"]
[Site "Tivat"]
[Date "1994.??.??"]
[Round "4"]
[White "Ivanovic, Bozidar"]
[Black "Miladinovic, Igor"]
[Result "1-0"]
[WhiteElo "2480"]
[BlackElo "2480"]

1.e4 c5 2.Nf3 Nc6 3.d4 cxd4 4.Nxd4 Qc7 5.Nc3 e6 6.Be2 Nf6 7.O-O a6 8.Be3 Bb4
9.Na4 Be7 10.Nxc6 bxc6 11.Nb6 Rb8 12.Nxc8 Qxc8 13.e5 Nd5 14.Bc1 Bc5 15.Qd3 Qc7
16.Qe4 Ne7 17.Kh1 a5 18.Bd3 Ng6 19.f4 Ne7 20.c3 g6 21.b3 h5 22.Rf3 Kf8 23.Bd2 Kg7
24.Raf1 h4 25.Qe2 Rh5 26.Rh3 Rbh8 27.Qe1 Qa7 28.c4 Bb6 29.Be4 Bd4 30.Bxa5 f6
31.Bb4 c5 32.exf6+ Kxf6 33.Bc3 Kf7 34.Bxd4 cxd4 35.Qd2 Nf5 36.Bxf5 Rxf5 37.Rd1 e5
38.fxe5 Rxe5 39.Rf3+ Kg7 40.Qf4 Rhe8 41.Qf6+ Kh7 42.Qxh4+ Kg8 43.h3 Qxa2
44.Qh6  1-0

[Event "JUG-ch"]
[Site "Tivat"]
[Date "1994.??.??"]
[Round "5"]
[White "Velimirovic, Dragoljub"]
[Black "Matulovic, Milan"]
[Result "1/2-1/2"]
[WhiteElo "2490"]
[BlackElo "2460"]

1.e4 c5 2.Nf3 Nc6 3.d4 cxd4 4.Nxd4 Qc7 5.Nc3 e6 6.Be2 a6 7.O-O Nf6 8.Kh1 Nxd4
9.Qxd4 Bc5 10.Qd3 b5 11.f4 h5 12.e5 Ng4 13.Qh3 Nh6 14.Bf3 Bb7 15.Ne4 Be7
16.Nd6+ Bxd6 17.exd6 Qc4 18.Be3 Bxf3 19.Qxf3 O-O 20.Qxh5 Qxc2 21.b4 Rfc8
22.a3 Nf5 23.Bc5 a5 24.Rac1 Qe4 25.Rce1 Qd5 26.Rd1 Qe4 27.Rde1 Qd5 28.Rd1 Qe4  1/2-1/2

[Event "JUG-ch"]
[Site "Tivat"]
[Date "1994.??.??"]
[Round "12"]
[White "Ivanovic, Bozidar"]
[Black "Matulovic, Milan"]
[Result "1/2-1/2"]
[WhiteElo "2480"]
[BlackElo "2460"]

1.e4 c5 2.Nf3 Nc6 3.d4 cxd4 4.Nxd4 Qc7 5.Nc3 e6 6.Be2 a6 7.O-O Nf6 8.Kh1 Be7
9.f4 d6 10.Be3 O-O 11.Qe1 Nxd4 12.Bxd4 b5 13.e5 dxe5 14.fxe5 Nd7 15.Bf3 Rb8  1/2-1/2

[Event "SVK-ch"]
[Site "Topolcianky"]
[Date "1994.??.??"]
[Round "5"]
[White "Cimra, Jozef"]
[Black "Vavra, Pavel"]
[Result "0-1"]
[WhiteElo "2210"]
[BlackElo "2390"]

1.e4 c5 2.Nf3 Nc6 3.d4 cxd4 4.Nxd4 Qb6 5.Nb3 Nf6 6.Nc3 e6 7.Be3 Qc7 8.Be2 Bb4
9.f3 d5 10.Qd3 O-O 11.O-O Bxc3 12.bxc3 Rd8 13.Bg5 Qb6+ 14.Kh1 dxe4 15.Qb5 Qxb5
16.Bxb5 Rd5 17.Bxc6 Rxg5 18.Rad1 Kf8 19.Bxe4 Nxe4 20.fxe4 Ke7 21.Rd4 Bd7
22.Kg1 Rc8 23.Rf3 Bc6 24.Rf2 Re5 25.Re2 f5 26.Nd2 fxe4 27.Nxe4 Bd5 28.Kf2 Bxa2
29.Red2 Bd5 30.Ke3 Rxc3+  0-1

[Event "Val Thorens Principal"]
[Site "Val Thorens"]
[Date "1994.??.??"]
[Round "9"]
[White "Olivier, Jean Christophe"]
[Black "Lupu, Smaranda  B"]
[Result "1-0"]
[WhiteElo "2310"]
[BlackElo "2135"]

1.e4 c5 2.Nf3 Nc6 3.d4 cxd4 4.Nxd4 Qc7 5.Nc3 e6 6.Be3 a6 7.Bd3 Nf6 8.Nb3 b5
9.f4 Bb7 10.O-O Rc8 11.Qe2 h5 12.Kh1 Na5 13.Nxa5 Qxa5 14.a3 Qc7 15.e5 Nd5
16.Nxd5 Bxd5 17.a4 h4 18.h3 b4 19.Bxa6 Ra8 20.Bb5 Be7 21.c4 bxc3 22.Rac1 f5
23.Rxc3 Qb7 24.Bc5 Bd8 25.b4 Rh6 26.Kh2 Kf7 27.Rd3 g5 28.fxg5 Bxg5 29.Rxd5 Qxd5
30.Bc4 Qd2 31.Qf3 Rg8 32.Rf2 Qc1 33.Qxf5+ Kg7 34.Bf8+ Kh8 35.Qe4 Rh7 36.Bd3 Rh5
37.Qg4 Bf4+ 38.Qxf4 Qxf4+ 39.Rxf4 Rg3 40.Be2 Rh7 41.Bf3  1-0

[Event "Balkaniad"]
[Site "Varna"]
[Date "1994.??.??"]
[Round "2"]
[White "Spasov, Vasil"]
[Black "Miladinovic, Igor"]
[Result "1/2-1/2"]
[WhiteElo "2540"]
[BlackElo "2480"]

1.e4 c5 2.Nf3 Nc6 3.d4 cxd4 4.Nxd4 Qc7 5.Nc3 e6 6.Be2 a6 7.O-O Nf6 8.Be3 Bb4
9.Na4 Be7 10.Nxc6 bxc6 11.Nb6 Rb8 12.Nxc8 Qxc8 13.e5 Nd5 14.Bc1 Bc5 15.c4 Ne7
16.b3 Qc7 17.Bb2 d6 18.exd6 Bxd6 19.g3 Be5 20.Qc2 c5 21.Bxe5 Qxe5 22.Rfe1 Qc7
23.Bf3 O-O 24.Be4 h6 25.Rad1 Rfd8 26.Qc3 Nc6 27.Bxc6 Qxc6 28.Rd3 Rxd3 29.Qxd3 a5  1/2-1/2

[Event "Balkaniad"]
[Site "Varna"]
[Date "1994.??.??"]
[Round "5"]
[White "Dervishi, Erald"]
[Black "Tzoumbas, Anastasios"]
[Result "1/2-1/2"]
[WhiteElo "2315"]
[BlackElo "2415"]

1.e4 c5 2.Nf3 Nc6 3.d4 cxd4 4.Nxd4 Qb6 5.Nb5 Nf6 6.Be3 Qd8 7.N1c3 a6 8.Nd4 e5
9.Nde2 Be7 10.Nd5 Nxe4 11.Ng3 Qa5+ 12.c3 Nf6 13.Nb6 Rb8 14.a3  1/2-1/2

[Event "Volgograd"]
[Site "Volgograd"]
[Date "1994.??.??"]
[Round "13"]
[White "Shmuter, Leonid"]
[Black "Saltaev, Mihail"]
[Result "1-0"]
[WhiteElo "2460"]
[BlackElo "2480"]

1.e4 c5 2.Nf3 Nc6 3.d4 cxd4 4.Nxd4 Qc7 5.Nc3 e6 6.Be3 Nf6 7.f4 Bb4 8.Nb5 Qa5
9.e5 Ne4 10.Qd3 f5 11.exf6 Nxf6 12.Be2 O-O 13.O-O d5 14.a3 Be7 15.Bf3 Kh8
16.b4 Qd8 17.Nd4 Bd7 18.Nce2 Bd6 19.Rad1 a5 20.c3 axb4 21.Nb5 Bb8 22.axb4 Qe8
23.Bc5 Nxb4 24.Qb1 Bxb5 25.Bxf8 Qxf8 26.Qxb4 Qxb4 27.cxb4 Bd6 28.Rb1 g6 29.Rfe1 Bd3
30.Rb3 Bc4 31.Rbb1 Bd3 32.Rb2 e5 33.fxe5 Bxe5 34.Rd2 Ra3 35.Nc1 Be4 36.Bxe4 Bc3
37.Re3 Nxe4 38.Rdd3 Kg7 39.Kf1 Kf6 40.Rxd5 Ra1 41.Rxe4 Rxc1+ 42.Kf2 Rc2+
43.Kf3 Rb2 44.Rb5 h5 45.Rxb7 g5 46.h3 Bd2 47.Rb6+ Kf7 48.Rc4 Bf4 49.Rcc6 Rb3+
50.Ke4 Re3+ 51.Kd5 Re5+ 52.Kc4  1-0

[Event "Ibercaja op"]
[Site "Zaragoza"]
[Date "1994.??.??"]
[Round "2"]
[White "Schreiber, Edwin"]
[Black "Kurajica, Bojan"]
[Result "0-1"]
[WhiteElo "2025"]
[BlackElo "2565"]

1.e4 c5 2.Nf3 Nc6 3.d4 cxd4 4.Nxd4 Qb6 5.Nb3 Nf6 6.Nc3 e6 7.Be3 Qc7 8.a3 a6
9.Bd3 b5 10.f4 d6 11.O-O Be7 12.Qf3 Bb7 13.Qh3 b4 14.axb4 Nxb4 15.Na5 Bc8
16.Qf3 Rb8 17.Qe2 O-O 18.Kh1 Nd7 19.Nb3 Nxd3 20.Qxd3 Rb4 21.Ra3 Nc5 22.Nxc5 dxc5
23.b3 Bb7 24.Rd1 h6 25.Ra4 Rxa4 26.bxa4 Rd8 27.Qc4 Rxd1+ 28.Nxd1 Qa5 29.Nc3 Qb4
30.Qd3 h5 31.h3 Bc6 32.Bd2 c4 33.Qd4 Bf6 34.e5 Be7 35.Kh2 Qb7 36.Qxc4 Bxg2
37.Qe2 Bf3 38.Qf2 h4 39.Be3 Bh5 40.Qe1 Bg6 41.Qd2 Bf5 42.Bf2 Kh7 43.Be1 Qf3
44.Qf2 Qxh3+ 45.Kg1 Bb4 46.Qd4 Qf3  0-1

[Event "Ibercaja op"]
[Site "Zaragoza"]
[Date "1994.??.??"]
[Round "3"]
[White "Sanchez, Claudio"]
[Black "Schreiber, Edwin"]
[Result "0-1"]
[WhiteElo "2340"]
[BlackElo "2025"]

1.e4 c5 2.Nf3 Nc6 3.d4 cxd4 4.Nxd4 Qb6 5.Nb5 a6 6.Be3 Qa5+ 7.N5c3 Nf6 8.Nd2 b5
9.Nb3 Qc7 10.Be2 e6 11.a3 Bb7 12.O-O d6 13.f4 Be7 14.Bf3 O-O 15.Qe2 Rfd8
16.Rad1 Rac8 17.Qf2 Nd7 18.Kh1 Na5 19.Nxa5 Qxa5 20.Bd4 b4 21.axb4 Qxb4 22.Rfe1 Bf6
23.e5 Bxf3 24.Qxf3 dxe5 25.Bxe5 Nxe5 26.Rxd8+ Bxd8 27.fxe5 Qxb2 28.Rf1 f5
29.Nd5 Qxe5 30.Nb4 Qb5 31.Nd3 Rxc2 32.Nf4 Qc6 33.Qxc6 Rxc6 34.g3 Bc7 35.Nd3 Bd6
36.Kg2 Rc3 37.Nf2 Rc2 38.Kf3 e5  0-1

[Event "London SCCU op"]
[Site "London"]
[Date "1995.08.??"]
[Round "8"]
[White "Gufeld, Eduard"]
[Black "Zymberi, Astrit"]
[Result "1/2-1/2"]
[WhiteElo "2440"]
[BlackElo "2032"]

1.e4 c5 2.Nf3 Nc6 3.d4 cxd4 4.Nxd4 Qc7 5.Nc3 e6 6.f4 a6 7.Be3 Nxd4 8.Qxd4 b5
9.Bd3 Bb7 10.O-O Nf6 11.Kh1 Rc8 12.e5 Nd5 13.Nxd5 Bxd5 14.f5 Qb7 15.Rf2 Bc5
16.Qf4 Bxe3 17.Qxe3 exf5 18.Bxf5 g6 19.Bd3 O-O 20.a4 Rce8 21.axb5 axb5 22.Qd4 Bc6
23.c4 Qb8 24.Re2 bxc4 25.Bxc4 Bb5  1/2-1/2

[Event "Agios Nikolaos op"]
[Site "Agios Nikolaos"]
[Date "1995.??.??"]
[Round "1"]
[White "Stefansson, Hannes"]
[Black "Vragoteris, Antonios"]
[Result "1-0"]
[WhiteElo "2530"]
[BlackElo "2335"]

1.e4 c5 2.Nf3 Nc6 3.d4 cxd4 4.Nxd4 Qb6 5.Nb3 Nf6 6.Nc3 e6 7.Be3 Qc7 8.Bd3 d6
9.f4 a6 10.Qf3 b5 11.O-O Bb7 12.a4 b4 13.Ne2 Be7 14.g4 g5 15.Ng3 gxf4 16.Bxf4 O-O-O
17.h3 Rdg8 18.Kh2 h5 19.Nxh5 Nxh5 20.gxh5 Bf6 21.Qe2 a5 22.c3 bxc3 23.bxc3 Be5
24.Ba6 Bxa6 25.Qxa6+ Kd7 26.Rab1 Rb8 27.h6  1-0

[Event "Agios Nikolaos op"]
[Site "Agios Nikolaos"]
[Date "1995.??.??"]
[Round "5"]
[White "Stefansson, Hannes"]
[Black "Miladinovic, Igor"]
[Result "0-1"]
[WhiteElo "2530"]
[BlackElo "2535"]

1.e4 c5 2.Nf3 Nc6 3.d4 cxd4 4.Nxd4 Qc7 5.Nc3 e6 6.Be2 a6 7.O-O Nf6 8.Kh1 Bb4
9.f4 Bxc3 10.bxc3 Nxe4 11.Nxc6 Qxc6 12.Ba3 Qxc3 13.Qc1 b5 14.f5 Bb7 15.Bb2 Qd2
16.Qxd2 Nxd2 17.Rf4 exf5 18.Rd1 Ne4 19.Bxg7 Rg8 20.Bd4 Rc8 21.Rxf5 Nc3 22.Rg1 Nxe2
23.Re5+ Kf8 24.Rxe2 Rg4 25.Rd1 Rxg2 26.Rxg2 Rxc2 27.Rg1 Rxa2 28.Bf6 b4 29.h4 a5
30.Kh2 Rxg2+ 31.Rxg2 Bxg2 32.Kxg2 a4 33.Kf3 a3 34.Ke3 d5 35.Kd3 Ke8 36.Kc2 Kd7
37.Kb3 Ke6 38.Bg7 Kf5 39.Kxb4 a2 40.Kb3 Kg4 41.Bf6 a1=Q 42.Bxa1 Kxh4 43.Bf6+ Kg4
44.Kc3 Kf5 45.Bh8 Ke4 46.Bf6 h6 47.Kb4 d4 48.Kc4 d3  0-1